000 00277nam a22001217a 4500
008 181024b xxu||||| |||| 00| 0 eng d
041 _aeng
080 _a615.83
100 _a8
101 _aEGZ
245 _aRehabilitation of the Injured Knee
_cHunter,L.Y
942 _2udc
_cBK
999 _c50846
_d50846